Quiz sur le 14e arrondissement de Paris - Statistiques

Statistiques générales
  • Ce quiz a été pris 38 fois
  • Le résultat moyen est 12 sur 20
Statistiques - réponses
Question Réponse % Correct
Quel animal "de Belfort" est représenté au centre de la place Denfert-Rochereau ? Un lion
91%
Quel ossuaire souterrain, dont une infime partie est ouverte au public, s'étend sur près de 300 km de galeries ? Les catacombes
88%
Quelle voie, portant le nom de la dernière défaite gauloise, fut le lieu de nombreux ateliers d'artistes (notamment Henri Matisse) ? Villa d'Alésia
88%
Quel poète mélancolique du XIXe siècle, auteur des Fleurs du Mal, est enterré au cimetière du Montparnasse ? Charles Baudelaire
85%
À 2 degrés près, quel est le record de chaleur enregistré par la station météorologique de Paris, située dans le parc Montsouris ? 42,6 °C (datant du 25 juillet 2019)
74%
Quelle installation végétale, portant le nom d'un océan, recouvre les quais de la gare Montparnasse depuis 1994 ? Le jardin {Atlantique}
74%
Quartiers administratifs Montparnasse
74%
Quelle place portant le nom d'une région espagnole a été récemment végétalisée avec un projet de "forêt urbaine" ? Place de {Catalogne}
74%
Quel est le bilan humain de l'accident de la gare Montparnasse du 22 octobre 1895, où la locomotive tombe sur le boulevard ? Un décès (marchande de journaux)
65%
Quel architecte, dont le frère Charles est un célèbre conteur, a conçu l'observatoire de Paris ? Claude {Perrault}
56%
Par quel métier était surnommé le peintre Henri Rousseau qui logeait rue Vercingétorix, surnom repris par la Compagnie créole en 1983 ? Douanier
53%
Quartiers administratifs Parc-de-Montsouris
53%
Quelle fondation académique internationale accueille le plus grand nombre d'étudiants et de chercheurs étrangers en Île-de-France ? La Cité internationale universitaire de Paris
50%
Pour quelle ancienne ligne de chemin de fer circulaire intra-muros, construite le long des boulevards des maréchaux, la gare du Petit-Montrouge avait été construite ? La Petite Ceinture
41%
Quel établissement public dépendant du ministère de la Culture, ayant son siège social au 291 boulevard Raspail, subventionne notamment les créations audiovisuelles ? Le Centre national du cinéma et de l’image animée (CNC)
41%
Nom de l'arrondissement Observatoire
41%
Quartiers administratifs Plaisance
38%
Quartiers administratifs Petit-Montrouge
32%
Quel couple de résistants arméniens panthéonisés résidait au 79 rue des Plantes ? Missak Manouchian
29%
Quel couple de résistants arméniens panthéonisés résidait au 79 rue des Plantes ? Mélinée Manouchian
21%
Aucun quiz correspondant
Distribution des résultats
% des personnes avec chaque résultat
Percentile par nombre de réponses
Votre historique - résultats
Vous n’avez pas pris ce quiz